[Event "Weihnachtsopen 2013 M"]
[Site "?"]
[Date "2013.12.26"]
[Round "1"]
[White "Aeschbach, Philipp"]
[Black "Huss, Andreas"]
[Result "1-0"]
[WhiteElo "2071"]
[BlackElo "2367"]
[PlyCount "105"]
[SourceDate "2013.12.26"]

1. d4 e6 2. c4 Nf6 3. g3 Bb4+ 4. Bd2 Bxd2+ 5. Nxd2 d6 6. Bg2 O-O 7. Ngf3 Qe7 8.
e4 e5 9. d5 a5 10. O-O Na6 11. b3 a4 12. Ne1 Bd7 13. Nd3 b5 14. Qc2 Rfb8 15. f4
bxc4 16. bxc4 Nb4 17. Nxb4 Rxb4 18. Rab1 c5 19. a3 Rxb1 20. Qxb1 exf4 21. gxf4
Ng4 22. Qe1 Re8 23. h3 Nh6 24. Qg3 f5 25. Re1 fxe4 26. Rxe4 Qf6 27. Rxe8+ Bxe8
28. Qe3 Bd7 29. Be4 g6 30. Kh2 Qh4 31. Qg3 Qf6 32. Qe3 Kg7 33. Nf3 Nf5 34. Bxf5
Bxf5 35. Kg3 h6 36. Qe8 g5 37. fxg5 hxg5 38. Qe3 Kg6 39. h4 g4 40. Ng5 Bd7 41.
Ne4 Qe7 42. Qg5+ Kf7 43. Qf4+ Kg7 44. Qxd6 Qxe4 45. Qxd7+ Kh8 46. Qc8+ Kh7 47.
Qc7+ Kg6 48. Qf4 Qd3+ 49. Kxg4 Qxa3 50. h5+ Kh7 51. Qf7+ Kh8 52. Qf6+ Kh7 53.
h6 1-0

[Event "Weihnachtsopen 2013 A"]
[Site "?"]
[Date "2013.12.26"]
[Round "1"]
[White "Schreiber, Robert"]
[Black "Rakauovic, Zeljko"]
[Result "0-1"]
[WhiteElo "1794"]
[BlackElo "2003"]
[PlyCount "34"]
[SourceDate "2013.12.26"]

1. e4 Nf6 2. Nc3 d5 3. exd5 Nxd5 4. Nxd5 Qxd5 5. Qf3 Qd6 6. Bc4 e6 7. d3 Nc6 8.
Bf4 Qb4+ 9. c3 Qxb2 10. Rc1 Ne5 11. Qe4 Nxc4 12. Qxc4 Bd6 13. Ne2 e5 14. Bg5
Be6 15. Qa4+ c6 16. Rc2 Qb1+ 17. Nc1 b5 0-1

[Event "Weihnachtsopen 2013 A"]
[Site "?"]
[Date "2013.12.26"]
[Round "1"]
[White "Wallmüller, Peter"]
[Black "Tuor, Gallus"]
[Result "1-0"]
[WhiteElo "1949"]
[BlackElo "1796"]
[PlyCount "39"]
[SourceDate "2013.12.26"]

1. d4 Nf6 2. c4 g6 3. Nc3 Bg7 4. e4 d6 5. f3 O-O 6. Be3 e5 7. d5 Nbd7 8. Nh3
Nb6 9. Nf2 Ne8 10. Bd3 f5 11. b4 f4 12. Bd2 Nf6 13. Rc1 Bd7 14. Qb3 a5 15. a3
a4 16. Qa2 Rc8 17. c5 Na8 18. c6 bxc6 19. dxc6+ Kh8 20. cxd7 1-0

[Event "Weihnachtsopen 2013 A"]
[Site "?"]
[Date "2013.12.26"]
[Round "1"]
[White "Jakob, Marcel"]
[Black "Lips , Adrian"]
[Result "1-0"]
[WhiteElo "1997"]
[BlackElo "1682"]
[PlyCount "45"]
[SourceDate "2013.12.26"]

1. d4 c5 2. d5 e6 3. c4 Nf6 4. Nc3 exd5 5. cxd5 d6 6. e4 g6 7. Nf3 Bg4 8. Be2
Bxf3 9. Bxf3 Bg7 10. O-O a5 11. a4 O-O 12. Qc2 b6 13. Be2 Ne8 14. f4 f5 15.
exf5 gxf5 16. Bd3 Bd4+ 17. Kh1 Bxc3 18. bxc3 Qf6 19. Bb2 Ra7 20. c4 Qg6 21. Rf3
Ng7 22. Rg3 Qh5 23. Rg5 1-0

[Event "Weihnachtsopen 2013 A"]
[Site "?"]
[Date "2013.12.26"]
[Round "1"]
[White "Berset, Alan"]
[Black "Lustenberger, josef"]
[Result "1-0"]
[WhiteElo "2035"]
[BlackElo "1854"]
[PlyCount "109"]
[SourceDate "2013.12.26"]

1. d4 d5 2. c4 e6 3. g3 c6 4. Bg2 Nf6 5. Qc2 Be7 6. Nf3 O-O 7. O-O Ne4 8. Nc3
f5 9. Ne5 Nd7 10. Bf4 g5 11. Nxd7 Bxd7 12. Be5 Bf6 13. f4 Bxe5 14. fxe5 Be8 15.
Nxe4 fxe4 16. Rxf8+ Kxf8 17. Rf1+ Kg7 18. Rf6 Qe7 19. Qd2 h6 20. h4 Bf7 21.
hxg5 h5 22. g6 Bg8 23. Bh3 Rf8 24. Rxf8 Qxf8 25. Qg5 b6 26. cxd5 cxd5 27. a3 e3
28. Qxe3 Qe8 29. Qg5 Qxg6 30. Qxg6+ Kxg6 31. Kf2 Kg5 32. e4 dxe4 33. Ke3 h4 34.
gxh4+ Kxh4 35. Bg2 Kg5 36. Bxe4 Bf7 37. Bc6 Kf5 38. Be4+ Kg5 39. b4 Bg8 40. Bc2
Bf7 41. Be4 Bg8 42. Bc2 Bf7 43. d5 exd5 44. Kd4 Be6 45. Bb3 Kf5 46. Bxd5 Bd7
47. Bg2 Bb5 48. Kd5 a5 49. Kd6 axb4 50. axb4 Bc4 51. Bc6 b5 52. Bd7+ Ke4 53. e6
Kd4 54. e7 Bf7 55. Bxb5 1-0

[Event "Weihnachtsopen 2013 A"]
[Site "?"]
[Date "2013.12.26"]
[Round "1"]
[White "Sierra, Robi"]
[Black "Misic, Andrija"]
[Result "1-0"]
[WhiteElo "1952"]
[BlackElo "1705"]
[PlyCount "85"]
[SourceDate "2013.12.26"]

1. e4 e5 2. Nf3 Nc6 3. d4 exd4 4. Nxd4 Qe7 5. Nc3 Nf6 6. Bg5 Qe5 7. Bxf6 Qxf6
8. Ndb5 Qe5 9. Qd5 Bd6 10. Qxe5+ Bxe5 11. Nd5 Kd8 12. f4 Nd4 13. fxe5 Nxb5 14.
Bxb5 c6 15. O-O Rf8 16. Bc4 cxd5 17. exd5 d6 18. e6 Ke7 19. exf7 Rxf7 20. Rae1+
Kf8 21. Rxf7+ Kxf7 22. Bd3 g6 23. Kf2 Bd7 24. Kg3 Rc8 25. Kf4 Rc5 26. c4 Ra5
27. a3 b5 28. Kg5 bxc4 29. Bxc4 Bc6 30. b4 Bxd5 31. bxa5 Bxc4 32. Kf4 Bd5 33.
g3 h6 34. Ke3 a6 35. Kd4 Bg2 36. Re2 Bh1 37. Rb2 Ke7 38. Rb6 h5 39. Rxa6 g5 40.
Ra7+ Kf6 41. Rd7 Ke6 42. Rh7 Bf3 43. a6 1-0

[Event "Weihnachtsopen 2013 A"]
[Site "?"]
[Date "2013.12.26"]
[Round "1"]
[White "Barczyk , Janusz"]
[Black "Maffioli , Massimo"]
[Result "0-1"]
[WhiteElo "1723"]
[BlackElo "1975"]
[PlyCount "80"]
[SourceDate "2013.12.26"]

1. e4 e5 2. Nc3 Nf6 3. Nf3 Nc6 4. Bb5 d6 5. h3 Be7 6. d3 Bd7 7. O-O a6 8. Ba4
O-O 9. a3 b5 10. Bb3 Na5 11. Ba2 c5 12. b4 cxb4 13. axb4 Nc6 14. Bd5 Rc8 15.
Rb1 Nxb4 16. Rxb4 Rxc3 17. Bd2 Nxd5 18. exd5 Rc5 19. Qa1 a5 20. Rb2 b4 21. Qa2
Qa8 22. Ra1 Qxd5 23. Qxd5 Rxd5 24. Rb3 Rc8 25. c4 bxc3 26. Rxc3 Rxc3 27. Bxc3
Bd8 28. d4 f6 29. Ra2 Rb5 30. Ra1 Kf7 31. Nd2 Be6 32. Ne4 Ke7 33. dxe5 fxe5 34.
Rd1 d5 35. Ng5 h6 36. Nxe6 Kxe6 37. Re1 Bc7 38. f4 e4 39. Bxg7 Bxf4 40. Ra1 Be5
0-1

[Event "Weihnachtsopen 2013 A"]
[Site "?"]
[Date "2013.12.26"]
[Round "1"]
[White "Benz , Urs"]
[Black "Zindel , Ernst"]
[Result "1-0"]
[WhiteElo "1707"]
[BlackElo "1961"]
[PlyCount "69"]
[SourceDate "2013.12.26"]

1. e4 e5 2. f4 d5 3. exd5 e4 4. d3 Nf6 5. Nc3 Bf5 6. dxe4 Nxe4 7. Nxe4 Bxe4 8.
Nf3 Bc5 9. Bd3 Bxd5 10. Qe2+ Qe7 11. Qxe7+ Kxe7 12. Bd2 Nc6 13. a3 Rhe8 14.
O-O-O h6 15. Rhe1+ Kf8 16. Bb5 a6 17. Bxc6 Bxc6 18. Ne5 Bxg2 19. Nd7+ Kg8 20.
Nxc5 Red8 21. Bc3 Bf3 22. Rd3 Rxd3 23. Nxd3 b6 24. Rg1 g6 25. h4 Re8 26. f5 Kh7
27. fxg6+ fxg6 28. Rf1 Bd5 29. b3 Re7 30. Rf8 Bg8 31. a4 a5 32. Nf4 g5 33. hxg5
hxg5 34. Nh3 Re3 35. Nxg5+ 1-0

[Event "Weihnachtsopen 2013 A"]
[Site "?"]
[Date "2013.12.26"]
[Round "1"]
[White "Bernet , David"]
[Black "Grüner , Adrian"]
[Result "0-1"]
[WhiteElo "1718"]
[BlackElo "1966"]
[PlyCount "66"]
[SourceDate "2013.12.26"]

1. d4 d5 2. c4 e6 3. Nc3 Nf6 4. Nf3 Be7 5. Bf4 O-O 6. e3 c6 7. c5 Nbd7 8. b4
Re8 9. Bd3 Nf8 10. h3 Ng6 11. Bh2 Nd7 12. Qc2 Bf6 13. O-O e5 14. dxe5 Ndxe5 15.
Be2 Bd7 16. Nd4 Qc8 17. Rac1 Nh4 18. g4 Neg6 19. Kh1 Be5 20. f4 Bc7 21. Qd2 Qd8
22. Rce1 b6 23. cxb6 axb6 24. Nf3 Nxf3 25. Bxf3 Qe7 26. Qd4 Bd6 27. e4 Nh4 28.
b5 Bc5 29. Qd2 Nxf3 30. Rxf3 d4 31. bxc6 Bxc6 32. Nd1 Bxe4 33. Kg1 Bb4 0-1

[Event "Weihnachtsopen 2013 A"]
[Site "?"]
[Date "2013.12.26"]
[Round "1"]
[White "Abaecherli , Simon"]
[Black "Golder , Raphael"]
[Result "1-0"]
[WhiteElo "1943"]
[BlackElo "1683"]
[PlyCount "62"]
[SourceDate "2013.12.26"]

1. d4 Nf6 2. c4 d5 3. cxd5 Nxd5 4. e4 Nb6 5. Nc3 g6 6. Be3 Bg7 7. h3 O-O 8. Nf3
e6 9. Be2 Qe7 10. O-O Rd8 11. Qb3 Nc6 12. Rfd1 Bd7 13. Rac1 Na5 14. Qc2 Nac4
15. Bg5 f6 16. Bh4 Bh6 17. Rb1 Bf4 18. Bxc4 Nxc4 19. e5 Bg5 20. Bxg5 fxg5 21.
Ne4 Bb5 22. Nf6+ Kg7 23. Nxg5 h6 24. Nge4 Nb6 25. Rbc1 Rac8 26. Qc5 Qxc5 27.
Nxc5 Bc4 28. b3 Bd5 29. Nxd5 Rxd5 30. Nxe6+ Kf7 31. Nxc7 Rd7 1-0

[Event "Weihnachtsopen 2013 A"]
[Site "?"]
[Date "2013.12.26"]
[Round "1"]
[White "Georgescu, Lena"]
[Black "Scheidegger, Andreas"]
[Result "1-0"]
[WhiteElo "1752"]
[BlackElo "2014"]
[PlyCount "43"]
[SourceDate "2013.12.26"]

1. e4 e5 2. Nf3 Nf6 3. d4 exd4 4. e5 Ne4 5. Qxd4 d5 6. exd6 Nxd6 7. Nc3 Nc6 8.
Qf4 Nf5 9. Nb5 Bb4+ 10. Bd2 Qe7+ 11. Be2 O-O 12. O-O-O Qxe2 13. Bxb4 Qxb5 14.
Bxf8 Kxf8 15. Rhe1 Be6 16. g4 Nfe7 17. Rxe6 Ng6 18. Rxg6 hxg6 19. Ng5 Ne5 20.
Ne6+ Kg8 21. Nxc7 g5 22. Qe4 1-0

[Event "Weihnachtsopen 2013 M"]
[Site "?"]
[Date "2013.12.27"]
[Round "2"]
[White "Bartel, Marta"]
[Black "Sengupta, Deep"]
[Result "1-0"]
[WhiteElo "2306"]
[BlackElo "2570"]
[PlyCount "45"]
[SourceDate "2013.12.26"]

1. d4 e6 2. Nf3 Nf6 3. c4 c5 4. d5 b5 5. dxe6 fxe6 6. cxb5 d5 7. e3 Bd6 8. Nbd2
Bb7 9. Be2 O-O 10. O-O Nbd7 11. b3 Qe7 12. Qc2 Rac8 13. Ba3 Kh8 14. Rad1 Nb6
15. Bb2 e5 16. e4 c4 17. bxc4 Nxc4 18. Bxc4 Nxe4 19. Rde1 Bb4 20. Nxe5 Bxd2 21.
Rxe4 dxe4 22. Qxd2 Rf5 23. Ng6+ 1-0

[Event "Weihnachtsopen 2013 A"]
[Site "?"]
[Date "2013.12.27"]
[Round "2"]
[White "Taras , Marian"]
[Black "Schönherr , Konrad"]
[Result "1-0"]
[WhiteElo "2039"]
[BlackElo "1861"]
[PlyCount "21"]
[SourceDate "2013.12.26"]

1. d4 Nf6 2. c4 e5 3. dxe5 Ng4 4. Bf4 Nc6 5. Nf3 Bc5 6. e3 Qe7 7. a3 a5 8. Nc3
Ngxe5 9. Nxe5 Nxe5 10. Nd5 Qd6 11. Qh5 1-0

[Event "Weihnachtsopen 2013 A"]
[Site "?"]
[Date "2013.12.27"]
[Round "2"]
[White "Goldie , Thomas"]
[Black "Berset , Alan"]
[Result "0-1"]
[WhiteElo "1863"]
[BlackElo "2035"]
[PlyCount "75"]
[SourceDate "2013.12.26"]

1. e4 g6 2. d4 d6 3. Nc3 Bg7 4. Be3 Nd7 5. Bc4 e6 6. Nge2 a6 7. a4 Ne7 8. O-O
d5 9. exd5 Nb6 10. Bb3 Nexd5 11. Nxd5 Nxd5 12. Bd2 O-O 13. c4 Ne7 14. Bc3 c6
15. Re1 b6 16. Ng3 Bb7 17. Ne4 Nf5 18. d5 cxd5 19. Bxg7 Kxg7 20. cxd5 exd5 21.
Ng3 Nxg3 22. hxg3 Qf6 23. Bxd5 Rad8 24. Bxb7 Rxd1 25. Raxd1 b5 26. axb5 axb5
27. b4 Rd8 28. Rc1 Rd2 29. Rf1 Qd4 30. Bc6 Qxb4 31. Rb1 Rb2 32. Rxb2 Qxb2 33.
Be4 b4 34. Bb1 b3 35. Re1 Qd2 36. Kf1 f5 37. Re2 Qh6 38. g4 0-1

[Event "Weihnachtsopen 2013 A"]
[Site "?"]
[Date "2013.12.27"]
[Round "2"]
[White "Bodmer , Marcel"]
[Black "Torricelli , Arnold"]
[Result "1-0"]
[WhiteElo "2018"]
[BlackElo "1854"]
[PlyCount "138"]
[SourceDate "2013.12.26"]

1. d4 g6 2. c3 Bg7 3. Nd2 d5 4. e4 dxe4 5. Nxe4 Nd7 6. Bc4 Nb6 7. Bb3 c6 8. Nf3
Nd5 9. O-O Ngf6 10. Nxf6+ Nxf6 11. Re1 O-O 12. Bg5 Bg4 13. h3 Bxf3 14. Qxf3 Qd7
15. Rad1 h6 16. Bh4 g5 17. Bg3 e6 18. Qd3 Rfe8 19. Bc2 Nh5 20. Qh7+ Kf8 21. Be5
Nf6 22. Bxf6 Bxf6 23. Qxh6+ Ke7 24. Qh5 Rh8 25. Qf3 Rh6 26. Bb3 Kf8 27. Re4 Kg7
28. Rde1 Rah8 29. Qg3 Bd8 30. Kf1 Rg6 31. Ke2 Bc7 32. Qf3 Kf8 33. Kd1 Ke7 34.
Kc2 Kd8 35. Kb1 Kc8 36. Qe2 Rf8 37. g3 Re8 38. f4 gxf4 39. gxf4 Reg8 40. f5
exf5 41. Re7 Qd6 42. Bxf7 Rg2 43. Qf3 R8g5 44. Be6+ Kb8 45. Bxf5 a6 46. Bg4 Qh2
47. Re8+ Ka7 48. R8e2 Rxe2 49. Qxe2 Qg3 50. Qe3 Qh4 51. Re2 Qh7+ 52. Qe4 Qf7
53. Qe6 Qf1+ 54. Re1 Qd3+ 55. Ka1 Qg3 56. Qe3 Qh4 57. Rf1 Rg7 58. a3 Re7 59.
Qg1 Qh6 60. Qf2 Qg5 61. d5+ Bb6 62. Qf5 Qxf5 63. Rxf5 cxd5 64. Rxd5 Bc7 65. Ka2
b6 66. Rf5 Bd8 67. Bf3 Kb8 68. Rf6 Bc7 69. Bd5 a5 1-0

[Event "Weihnachtsopen 2013 A"]
[Site "?"]
[Date "2013.12.27"]
[Round "2"]
[White "Perman , Denis"]
[Black "Schwander , Lukas"]
[Result "0-1"]
[WhiteElo "1837"]
[BlackElo "2000"]
[PlyCount "68"]
[SourceDate "2013.12.26"]

1. e4 e5 2. Nf3 Nc6 3. Bb5 g6 4. c3 a6 5. Ba4 d6 6. d4 Bd7 7. O-O Bg7 8. d5
Nce7 9. Bxd7+ Qxd7 10. Nfd2 f5 11. f3 Nf6 12. c4 O-O 13. b4 fxe4 14. fxe4 Bh6
15. Re1 b5 16. Nc3 Bxd2 17. Bxd2 bxc4 18. Qe2 c6 19. Qxc4 cxd5 20. Nxd5 Nfxd5
21. exd5 Qb5 22. Qxb5 axb5 23. Red1 Rfc8 24. a3 Rc2 25. Kf1 Kf7 26. h3 Nxd5 27.
Rac1 Rxc1 28. Bxc1 Ke6 29. Kf2 Nc3 30. Rd3 Rc8 31. Bd2 Ne4+ 32. Ke3 d5 33. Be1
Nd6 34. g4 Rc2 0-1

[Event "Weihnachtsopen 2013 A"]
[Site "?"]
[Date "2013.12.27"]
[Round "2"]
[White "Keller , Philipp"]
[Black "Schmidt , Maurin"]
[Result "1-0"]
[WhiteElo "1830"]
[BlackElo "1980"]
[PlyCount "117"]
[SourceDate "2013.12.26"]

1. e4 c5 2. Nc3 Nc6 3. f4 g6 4. Nf3 Bg7 5. g3 e6 6. Bg2 d5 7. O-O Nge7 8. d3
O-O 9. Kh1 Rb8 10. Ne2 b5 11. c3 b4 12. e5 Ba6 13. Qc2 Qa5 14. Bd2 Qb5 15. Nc1
bxc3 16. bxc3 Qb2 17. Qxb2 Rxb2 18. Rd1 Rfb8 19. Be1 f6 20. exf6 Bxf6 21. Nb3
Nf5 22. Nxc5 Bc8 23. Bd2 Rc2 24. Rdc1 Rbb2 25. Rxc2 Rxc2 26. d4 Nfxd4 27. cxd4
Rxc5 28. dxc5 Bxa1 29. Bf1 Kg7 30. Bb5 Nd4 31. Nxd4 Bxd4 32. c6 Kf6 33. Kg2 Ke7
34. Bb4+ Kd8 35. Bd6 Bb6 36. Kf3 Bc7 37. Bc5 Bb6 38. Bxb6+ axb6 39. Ke3 Kc7 40.
Kd4 Kd6 41. h4 h6 42. a3 g5 43. h5 gxf4 44. gxf4 e5+ 45. fxe5+ Kc7 46. Kxd5 Bg4
47. e6 Bxh5 48. e7 Be8 49. Ke5 h5 50. Kf5 Bf7 51. Kf6 Be8 52. Kg5 Bf7 53. a4
Be8 54. Kf5 Bf7 55. Kf6 Be8 56. Kg5 Bf7 57. Be2 Kxc6 58. Bb5+ Kc5 59. Kf6 1-0

[Event "Weihnachtsopen 2013 A"]
[Site "?"]
[Date "2013.12.27"]
[Round "2"]
[White "Fürst, Martin"]
[Black "Schönbächler, Remo"]
[Result "0-1"]
[WhiteElo "1951"]
[BlackElo "1809"]
[PlyCount "38"]
[SourceDate "2013.12.26"]

1. d4 f5 2. c4 Nf6 3. Nc3 e6 4. Nf3 d5 5. g3 c6 6. cxd5 exd5 7. Bg2 Be7 8. Ne5
O-O 9. O-O Nbd7 10. f4 Ne4 11. e3 Rf6 12. Nxe4 fxe4 13. Qb3 Nxe5 14. dxe5 Re6
15. Bxe4 Rh6 16. Bg2 Bc5 17. Kh1 Qe8 18. Bf3 Qe6 19. Rg1 Rxh2+ 0-1

[Event "Weihnachtsopen 2013 A"]
[Site "?"]
[Date "2013.12.27"]
[Round "2"]
[White "Meier, Beat"]
[Black "Keller, Felix"]
[Result "0-1"]
[WhiteElo "1880"]
[BlackElo "1868"]
[PlyCount "66"]
[SourceDate "2013.12.26"]

1. e4 e6 2. d4 d5 3. Nd2 Nf6 4. e5 Nfd7 5. Bd3 c5 6. c3 Nc6 7. Ne2 Qb6 8. Nf3
cxd4 9. cxd4 Bb4+ 10. Bd2 Be7 11. Bc3 O-O 12. O-O f6 13. Nf4 fxe5 14. Nxe6 e4
15. Nxf8 Nxf8 16. Bc2 exf3 17. Qxf3 Be6 18. Rad1 Bf6 19. Bb3 Rd8 20. Qe3 Bf7
21. Rfe1 Na5 22. Bxa5 Qxa5 23. Qf3 Ne6 24. Qc3 Qb6 25. h3 Nxd4 26. Qg3 Nxb3 27.
axb3 d4 28. Rc1 d3 29. Rcd1 Qxb3 30. Rd2 Qb4 31. Red1 Bg6 32. Qe3 Qe7 33. Qxa7
Bg5 0-1

[Event "Weihnachtsopen 2013 A"]
[Site "?"]
[Date "2013.12.27"]
[Round "2"]
[White "Saric , Vili"]
[Black "Petr , Glenn"]
[Result "0-1"]
[WhiteElo "1813"]
[BlackElo "1951"]
[PlyCount "71"]
[SourceDate "2013.12.26"]

1. d4 d5 2. c4 c6 3. Nc3 Nf6 4. Bg5 e6 5. e3 h6 6. Bh4 Be7 7. Nf3 O-O 8. Qc2
Nbd7 9. Rc1 Qa5 10. a3 Re8 11. Nd2 e5 12. dxe5 Nxe5 13. Bxf6 Bxf6 14. cxd5 cxd5
15. Nb3 Qd8 16. Nb5 Nc6 17. Be2 a6 18. Nc3 d4 19. Rd1 Be6 20. Nxd4 Nxd4 21.
exd4 Bxd4 22. O-O Qb6 23. Na4 Qa7 24. Qe4 Rad8 25. Bd3 g6 26. Qh4 Bb3 27. Bxg6
fxg6 28. Qxh6 Bxd1 29. Qxg6+ Bg7 30. h4 Bxa4 31. Rc1 Rf8 32. Qe6+ Kh8 33. Qg4
Qxf2+ 34. Kh1 Rd1+ 35. Rxd1 Bxd1 36. Qxd1 0-1

[Event "Weihnachtsopen 2013 A"]
[Site "?"]
[Date "2013.12.27"]
[Round "2"]
[White "Rakazovic , Zeljko"]
[Black "Iseli , Heinz"]
[Result "1-0"]
[WhiteElo "1947"]
[BlackElo "1805"]
[PlyCount "57"]
[SourceDate "2013.12.26"]

1. e4 e6 2. d3 d5 3. Nd2 c5 4. Ngf3 Nc6 5. g3 Bd6 6. Bg2 Nf6 7. O-O O-O 8. Re1
Qc7 9. c3 Rb8 10. Nf1 dxe4 11. dxe4 h6 12. e5 Nxe5 13. Nxe5 Bxe5 14. Rxe5 Qxe5
15. Bf4 Qxf4 16. gxf4 Bd7 17. Ne3 Rfd8 18. Qe2 a6 19. Rd1 Kf8 20. b3 g6 21. h3
h5 22. a4 Kg7 23. Qd3 b5 24. axb5 axb5 25. Qd6 c4 26. bxc4 bxc4 27. Qd4 Rdc8
28. Nxc4 Rb3 29. Nd6 1-0

[Event "Weihnachtsopen 2013 A"]
[Site "?"]
[Date "2013.12.27"]
[Round "2"]
[White "Stucki, Kaspar"]
[Black "Frei, Alexander"]
[Result "1-0"]
[WhiteElo "1966"]
[BlackElo "1804"]
[PlyCount "169"]
[SourceDate "2013.12.26"]

1. d4 Nf6 2. Nf3 d5 3. c4 e6 4. Nc3 Be7 5. g3 O-O 6. Bg2 c6 7. O-O Bd6 8. b3
Nbd7 9. Bb2 Re8 10. Nd2 e5 11. cxd5 exd4 12. dxc6 bxc6 13. Na4 Ba6 14. Re1 Rc8
15. Bxd4 c5 16. Bb2 Qe7 17. Nc3 Be5 18. Nc4 Bxc4 19. bxc4 Rb8 20. Qc2 Nb6 21.
Nd1 Nxc4 22. Qxc4 Bxb2 23. Nxb2 Rxb2 24. e3 h6 25. Rec1 Nd7 26. Rc2 Reb8 27.
Qc3 Rxc2 28. Qxc2 Qf6 29. Rb1 Rxb1+ 30. Qxb1 Nb6 31. Be4 g6 32. Qc2 c4 33. Kg2
Qa1 34. h4 f5 35. Bf3 c3 36. Qb3+ Kg7 37. Bd1 Qb2 38. Kf3 Qd2 39. Qc2 Qxc2 40.
Bxc2 Nd5 41. a3 Nb6 42. Ke2 Nc4 43. a4 Nb2 44. e4 fxe4 45. Ke3 Nc4+ 46. Kxe4
Kf6 47. Kd4 Ne5 48. Kxc3 Ng4 49. f3 Nh2 50. Be4 Ke5 51. Kd3 g5 52. hxg5 hxg5
53. Ke3 Nf1+ 54. Kf2 Nd2 55. Bc2 Nc4 56. Bd3 Nb2 57. Bb5 Nd1+ 58. Ke2 Nc3+ 59.
Kd3 Nd5 60. Be8 Nc7 61. Bd7 Nd5 62. a5 Nf6 63. Bc6 Nh5 64. g4 Nf4+ 65. Kc4 Ne6
66. Be4 Kd6 67. Bf5 Nc7 68. Bc8 Kc6 69. Bf5 Kd6 70. Be4 Ne6 71. Bb7 Kc7 72. Bd5
Nf8 73. Be4 Nd7 74. Kd5 Nf8 75. Bf5 Kd8 76. Kd6 a6 77. Kc6 Ke7 78. Kb6 Kd6 79.
Kxa6 Kc7 80. Kb5 Kb7 81. a6+ Ka7 82. Ka5 Kb8 83. Kb6 Nd7+ 84. Bxd7 Ka8 85. Bc6+
1-0

[Event "Weihnachtsopen 2013 A"]
[Site "?"]
[Date "2013.12.27"]
[Round "2"]
[White "Brenner, Frank"]
[Black "Poun , Kirivongkat"]
[Result "1-0"]
[WhiteElo "1822"]
[BlackElo "1969"]
[PlyCount "105"]
[SourceDate "2013.12.26"]

1. e4 e6 2. d4 d5 3. exd5 exd5 4. Nf3 Bd6 5. Bd3 Bg4 6. O-O Ne7 7. Re1 Nbc6 8.
c3 Qd7 9. Nbd2 O-O-O 10. Qb3 f6 11. a4 Rde8 12. a5 a6 13. c4 dxc4 14. Bxc4 Ng6
15. Rxe8+ Rxe8 16. h3 Bxf3 17. Nxf3 Nf4 18. Bxf4 Bxf4 19. Bf7 Re7 20. d5 Nxa5
21. Qd3 Rxf7 22. Rxa5 Kb8 23. b4 c6 24. Qc4 Bc7 25. Rc5 cxd5 26. Rxd5 Qa4 27.
Rd2 Qa1+ 28. Qf1 Qa4 29. Qc4 Re7 30. Rc2 h5 31. Qc5 Rd7 32. Re2 Rd1+ 33. Re1
Bd6 34. Qxh5 Rxe1+ 35. Nxe1 Qxb4 36. Qe8+ Ka7 37. g3 Be5 38. Nf3 Qb1+ 39. Kg2
Qe4 40. Qc8 Qd5 41. Qg4 g5 42. h4 gxh4 43. gxh4 Bc3 44. h5 f5 45. Qg5 a5 46.
Qe3+ Ka6 47. Qxc3 a4 48. h6 Qe6 49. Qd3+ b5 50. Qxb5+ Ka7 51. Qxa4+ Kb7 52.
Qb5+ Kc7 53. Qe5+ 1-0

[Event "Weihnachtsopen 2013 A"]
[Site "?"]
[Date "2013.12.27"]
[Round "3"]
[White "Keller, Felix"]
[Black "Georgescu, Lena"]
[Result "0-1"]
[WhiteElo "1940"]
[BlackElo "1752"]
[PlyCount "74"]
[SourceDate "2013.12.26"]

1. d4 Nf6 2. c4 g6 3. Nc3 Bg7 4. e4 d6 5. Nf3 O-O 6. Be2 Nbd7 7. O-O e5 8. d5
Nc5 9. Nd2 a5 10. b3 Ne8 11. Bb2 f5 12. a3 f4 13. Bg4 Nd7 14. f3 b6 15. Qc2 h5
16. Be6+ Kh7 17. b4 Bf6 18. bxa5 Rxa5 19. Nb3 Ra8 20. a4 Ng7 21. Bxd7 Bxd7 22.
a5 bxa5 23. Nxa5 Qe8 24. Nb3 Rb8 25. c5 Bd8 26. c6 Bc8 27. Ra7 Qf7 28. Rfa1 Bh4
29. Na5 g5 30. Nc4 Rd8 31. Ba3 Ne8 32. Rb1 Rxb1+ 33. Qxb1 g4 34. Qf1 Qg6 35.
Kh1 Bg3 36. hxg3 fxg3 37. Ne3 Qg5 0-1

[Event "Weihnachtsopen 2013 A"]
[Site "?"]
[Date "2013.12.27"]
[Round "3"]
[White "Gretz , Denis"]
[Black "Biasi , Grace"]
[Result "1-0"]
[WhiteElo "1929"]
[BlackElo "1677"]
[PlyCount "43"]
[SourceDate "2013.12.26"]

1. e4 c5 2. d4 cxd4 3. c3 d6 4. cxd4 Nf6 5. Nc3 Nc6 6. Nf3 Bg4 7. d5 Ne5 8.
Bb5+ Nfd7 9. Nxe5 Bxd1 10. Bxd7+ Qxd7 11. Nxd7 Bg4 12. Nxf8 Rxf8 13. Be3 a6 14.
Rc1 Rc8 15. Kd2 Kd7 16. Na4 Kd8 17. Nb6 Rc7 18. Rxc7 Kxc7 19. f3 Bc8 20. Rc1+
Kb8 21. Nxc8 Rxc8 22. Ba7+ 1-0

[Event "Weihnachtsopen 2013 A"]
[Site "?"]
[Date "2013.12.27"]
[Round "3"]
[White "Berset, Alan"]
[Black "Neuman, Horst"]
[Result "1-0"]
[WhiteElo "2035"]
[BlackElo "1918"]
[PlyCount "71"]
[SourceDate "2013.12.26"]

1. d4 d5 2. c4 c6 3. g3 Nf6 4. Bg2 Bf5 5. Nc3 e6 6. Bg5 h6 7. Bd2 Nbd7 8. Rc1
Qb6 9. Qb3 dxc4 10. Qxc4 Bb4 11. Nf3 O-O 12. O-O Bxc3 13. bxc3 Be4 14. Bf4 Bd5
15. Qa4 Qb5 16. Qc2 Be4 17. Qd1 Qh5 18. Qb3 b5 19. Nd2 Bd5 20. c4 Bxg2 21. Kxg2
g5 22. Be3 Rab8 23. h4 Ng4 24. hxg5 bxc4 25. Qc2 Nxe3+ 26. fxe3 Qxg5 27. Nxc4
Nb6 28. Nxb6 Rxb6 29. Rf4 Rfb8 30. Qd3 Qd5+ 31. e4 Qxa2 32. Rg4+ Kf8 33. Qe3
Ke7 34. d5 Rb3 35. Qc5+ Kf6 36. Rf1+ 1-0

[Event "Weihnachtsopen 2013 A"]
[Site "?"]
[Date "2013.12.27"]
[Round "3"]
[White "Schmid, Nicola"]
[Black "Taras, Marian"]
[Result "0-1"]
[WhiteElo "1994"]
[BlackElo "2052"]
[PlyCount "92"]
[SourceDate "2013.12.26"]

1. e4 e6 2. d4 d5 3. e5 c5 4. c3 Nc6 5. Nf3 Qb6 6. a3 Bd7 7. b4 cxd4 8. cxd4
Rc8 9. Bb2 Na5 10. Nbd2 Nc4 11. Bxc4 dxc4 12. Rc1 Qa6 13. Ne4 Bc6 14. Qe2 Bxe4
15. Qxe4 Ne7 16. O-O Nd5 17. Rc2 b5 18. Nh4 Qc6 19. g3 Nxb4 20. Qxc6+ Nxc6 21.
Rd1 Ne7 22. Ng2 Nd5 23. Ne3 Be7 24. Nxd5 exd5 25. Rb1 Kd7 26. Bc3 Kc6 27. Kf1
Ra8 28. Rcb2 Rhb8 29. a4 a6 30. Ke2 Rb7 31. a5 Rab8 32. Bb4 f6 33. f4 Bxb4 34.
Rxb4 fxe5 35. fxe5 Rf7 36. Rf1 Rxf1 37. Kxf1 Kd7 38. Ke2 Ke6 39. Ke3 Kf5 40. h3
h5 41. Rb1 b4 42. Rf1+ Ke6 43. g4 hxg4 44. hxg4 Rh8 45. Rb1 Rh3+ 46. Kf4 b3 0-1

[Event "Weihnachtsopen 2013 A"]
[Site "?"]
[Date "2013.12.27"]
[Round "3"]
[White "Gurschler, Gregor"]
[Black "Bodmer, Marcel"]
[Result "0-1"]
[WhiteElo "1913"]
[BlackElo "2018"]
[PlyCount "108"]
[SourceDate "2013.12.26"]

1. e4 c5 2. Nf3 g6 3. d3 Bg7 4. g3 Nc6 5. c3 Nf6 6. Bg2 d6 7. O-O O-O 8. Re1
Qc7 9. a3 Rd8 10. Qe2 Ng4 11. h3 Nge5 12. Nh4 Na5 13. Qc2 Be6 14. Nd2 c4 15.
dxc4 Nexc4 16. Nhf3 Nxd2 17. Bxd2 Nb3 18. Rad1 Rac8 19. Be3 Na5 20. Nd4 Bd7 21.
Bf1 a6 22. Bg5 Re8 23. Qd2 Nc4 24. Bxc4 Qxc4 25. g4 Rc7 26. Bh6 Bf6 27. Bg5 Bh8
28. Re3 Bxd4 29. Qxd4 Qxd4 30. Rxd4 f6 31. Bh4 g5 32. Bg3 Be6 33. f3 b5 34. Re1
a5 35. Bf2 a4 36. Rd2 Kf7 37. Bb6 Rb7 38. Be3 Rh8 39. Kg2 h5 40. Bf2 Rbb8 41.
Rh1 Rh7 42. Rdd1 Bb3 43. Rde1 Rbh8 44. Bd4 e5 45. Bb6 d5 46. Bf2 Ke6 47. Kg3
hxg4 48. Kxg4 dxe4 49. fxe4 Bc2 50. Kg3 Rh4 51. Re2 Bxe4 52. Rh2 f5 53. Bc5 g4
54. Rd2 f4+ 0-1

[Event "Weihnachtsopen 2013 A"]
[Site "?"]
[Date "2013.12.27"]
[Round "3"]
[White "Schumann, Martin"]
[Black "Mansoor, Sharif"]
[Result "0-1"]
[WhiteElo "1893"]
[BlackElo "2059"]
[PlyCount "89"]
[SourceDate "2013.12.26"]

1. e4 e5 2. Nf3 Nc6 3. Bb5 g6 4. O-O Bg7 5. c3 d6 6. d3 Nge7 7. Bg5 O-O 8. Nbd2
h6 9. Bxc6 bxc6 10. Bxe7 Qxe7 11. Nc4 d5 12. Ne3 f5 13. Nd2 f4 14. Nc2 Rb8 15.
Rb1 Qg5 16. Kh1 Bg4 17. f3 Be6 18. Nb4 Rb6 19. Nb3 dxe4 20. Nc5 exf3 21. Qxf3
Bg4 22. Qe4 Qf6 23. h3 Bc8 24. Na4 Rb8 25. Qxc6 Qf7 26. Nc5 Rd8 27. Qf3 Rb5 28.
Ne4 Bb7 29. a4 Rb6 30. g3 a5 31. Nc2 Qd7 32. Kh2 Qxa4 33. Ne1 Qa2 34. Ng2 fxg3+
35. Qxg3 Bxe4 36. dxe4 Rd2 37. Ra1 Qxb2 38. Rxa5 Rc6 39. Ra8+ Kh7 40. Rf3 Qb1
41. Qg4 Rcd6 42. Rf7 Qc2 43. Re8 Rxg2+ 44. Qxg2 Rd2 45. Qxd2 0-1